Welcome to the Holygrace Academy Library

Please use search bar below to get started

GETTING ACQUAINTED WITH YOUR ZX 81 (Record no. 1645)

MARC details
000 -LEADER
fixed length control field 00328nam a22001337a 4500
020 ## - INTERNATIONAL STANDARD BOOK NUMBER
ISBN 0-907563-01-5
082 ## - DEWEY DECIMAL CLASSIFICATION NUMBER
Classification number 000
Item number HAR/G
100 ## - MAIN ENTRY--AUTHOR NAME
Personal name HARTNELL, TIM
245 ## - TITLE STATEMENT
Title GETTING ACQUAINTED WITH YOUR ZX 81
260 ## - PUBLICATION, DISTRIBUTION, ETC. (IMPRINT)
Place of publication GREAT BRITAIN
Name of publisher INTERFACE
Year of publication 1981
300 ## - PHYSICAL DESCRIPTION
Number of Pages 128
650 ## - SUBJECT ADDED ENTRY--TOPICAL TERM
Topical Term COMPUTER SCIENCE REFERENCE
Geographic subdivision INDIA
942 ## - ADDED ENTRY ELEMENTS (KOHA)
Koha item type Books
Holdings
Withdrawn status Lost status Collection code Home library Current library Shelving location Date acquired Source of acquisition Full call number Accession Number Koha item type
    Reference Main Library Main Library SHELF-5- I - REFERENCE ECONOMICS COMPUTER SCIENCE 12/03/2002 purchase 000 HAR/G 00937 Books